AIDS and the nervous system / (Record no. 114530)

MARC details
000 -LEADER
fixed length control field 00954pam a2200301 a 4500
008 - FIXED-LENGTH DATA ELEMENTS--GENERAL INFORMATION
fixed length control field
020 ## - INTERNATIONAL STANDARD BOOK NUMBER
International Standard Book Number 0781703093 (hbk. )
050 00 - LIBRARY OF CONGRESS CALL NUMBER
Classification number RC359.5 AID
003 - CONTROL NUMBER IDENTIFIER
control field
005 - DATE AND TIME OF LATEST TRANSACTION
control field 20230120203944.0
040 ## - CATALOGING SOURCE
Transcribing agency NUST
049 ## - LOCAL HOLDINGS (OCLC)
Holding library MAIN
245 00 - TITLE STATEMENT
Title AIDS and the nervous system /
Statement of responsibility, etc. editors, Joseph R. Berger, Robert M. Levy.
246 14 - VARYING FORM OF TITLE
Title proper/short title AIDS & the nervous system.
250 ## - EDITION STATEMENT
Edition statement 2nd ed.
260 ## - PUBLICATION, DISTRIBUTION, ETC.
Place of publication, distribution, etc. Philadelphia :
Name of publisher, distributor, etc. Lippincott-Raven,
Date of publication, distribution, etc. 1997.
300 ## - PHYSICAL DESCRIPTION
Extent XXI, 778 p. :
Other physical details ill. ;
Dimensions 26 cm.
504 ## - BIBLIOGRAPHY, ETC. NOTE
Bibliography, etc. note Includes bibliographical references.
500 ## - GENERAL NOTE
General note Includes index.
650 #0 - SUBJECT ADDED ENTRY--TOPICAL TERM
Topical term or geographic name entry element Nervous system
General subdivision Infections.
650 #0 - SUBJECT ADDED ENTRY--TOPICAL TERM
Topical term or geographic name entry element AIDS (Disease)
General subdivision Complications.
650 #2 - SUBJECT ADDED ENTRY--TOPICAL TERM
Topical term or geographic name entry element Acquired Immunodeficiency Syndrome
General subdivision complications.
650 #2 - SUBJECT ADDED ENTRY--TOPICAL TERM
Topical term or geographic name entry element Nervous System Diseases
General subdivision complications.
700 1# - ADDED ENTRY--PERSONAL NAME
Personal name Berger, Joseph R.
700 1# - ADDED ENTRY--PERSONAL NAME
Personal name Levy, Robert M.
907 ## - LOCAL DATA ELEMENT G, LDG (RLIN)
a .b10234469
b 22-02-07
c 22-02-07
942 ## - ADDED ENTRY ELEMENTS (KOHA)
Koha item type Ordinary Loan Books
Holdings
Date last seen Total Checkouts Full call number Barcode Cost, replacement price Price effective from Koha item type Lost status Source of classification or shelving scheme Damaged status Not for loan Collection Withdrawn status Home library Current library Shelving location Date acquired Cost, normal purchase price
01/20/2023 2 RC359.5 AID 92004006080 80.00 01/20/2023 BOOKS   LCC     NFIC   Medical Medical GEN 01/20/2023 80.00